00680 2200181 4500245004700000020002200047250001100069100002100080700002400101650001600125005001900141260003600160041001400196084000800210300002900218500024200247336000900489 aSeoul , I Miss YoucChristina JuzwarhText a978-602-9397-58-1 aCet. 1 aChristina Juzwar aDila Naretihaq Sari aNovel Fiksi a20231004090225 aYogyakartabBentang Beliac2012 aIndonesia a813 aviii, 248 hlm. :c19 cm. aJUDUL: Seoul I Miss You dunia ini memang aneh . Aku yang bukan siapa-siapa ini mendadak didekati dua orang cowok yang bikin heboh satu sekolah , senang? Bingung , iya . Maasalahnya , aku bukan expert di bidang pertemanan , apalagi cinta! atext